000 00347nam a22001577a 4500
003 SGT
020 _a978-93-80316-31-4
082 _a612.015
_bP14R
100 _aRAJAGOPAL, G & TOORA,B.D
245 _aPRACTICAL BIOCHEMISTRY
250 _a3RD
260 _aNEW DELHI
_bAHUJA PUB
_c2014
300 _a284
650 _aPHARMACY
942 _2ddc
_cBK
999 _c11071
_d11071